00629cam a22002051 4500001001300000003000400013005001700017008004100034010001700075035001800092040002500110042001200135050001500147100002100162245011500183260005200298300002300350650003300373999001700406sa 65001555 DLC20260227112110.0740625s1951 pk 000 0 eng  asa 65001555  a(OCoLC)929221 aDLCcMBUdOCoLCdDLC apremarc00aBP174b.R31 aRazzaque, Abdur.10aPrayer for progress;ba reasoned exposition of ebadat of Allah in the light of the teachings of the Shariyaat. aLahore,bStocked by Sh. Muhammad Ashrafc[1951] axv, 203 p.c22 cm. 0aIslamxCustoms and practices c62106d62106